000 00755cam a2200205 4500
001 WB3612-18
008 000000n2000 000 0 eng u
035 _a(Sirsi) u104938
245 _aLawyers make an internet million
260 _c2000
490 _aLaw Society's Gazette
_v97(11) 16 March 2000, 1(1)
520 _aTwo solicitors are set to become the first Internet legal millionaires when they launch an online estate agency site in May. The site will offer conveyancing quotes, on-line mortgages, a property search option and free estate agency advice.
590 _aWB
650 _aSELLERS PACKS
650 _aESTATE AGENTS
650 _aCONVEYANCING
650 _aMORTGAGES
690 _aINFORMATION TECHNOLOGY-INTERNET
942 _n0
999 _c62952
_d62952